=LDR 00000nam 2200000 4500 =001 INLIS000000000000641 =005 20220618040417 =035 ##$$a 0010-1121000194 =245 1#$$a Alat Pendeteksi Kebocoran Ozon pada Selang Injeksi dan Air Vent PT. Tirta Sukses Perkasa Berbasis Mikrokontroler dengan Notifikasi Telegram : $b Tugas Akhir /$c Nadia Rahmasari =100 #$$a NADIA Rahmasari =250 ##$$a 2021 =300 ##$$a xi, 37 halaman : $b Tabel, gambar ; $c 20,5x28,5 cm =856 ##$$a OPAC (Rak TA OSP 2021) =260 ##$$a Makassar :$b Politeknik ATI Makassar - Otomasi Sistem Permesinan,$c 2021 =082 ##$$a (R)2021 TA-OSP 818 =084 ##$$a (R)2021 TA-OSP 818 NAD a =650 #4$$a Tugas Akhir OSP 2021 =008 220618################|##########|#|## =990 ##$$a 64/TA OSP 2021